<?xml version="1.0" encoding="UTF-8"?><?xml-stylesheet type="text/xsl" href="static/style.xsl"?><OAI-PMH xmlns="http://www.openarchives.org/OAI/2.0/" xmlns:xsi="http://www.w3.org/2001/XMLSchema-instance" xsi:schemaLocation="http://www.openarchives.org/OAI/2.0/ http://www.openarchives.org/OAI/2.0/OAI-PMH.xsd"><responseDate>2026-04-17T01:26:34Z</responseDate><request verb="GetRecord" identifier="oai:www.recercat.cat:2445/208340" metadataPrefix="marc">https://recercat.cat/oai/request</request><GetRecord><record><header><identifier>oai:recercat.cat:2445/208340</identifier><datestamp>2025-12-05T17:11:10Z</datestamp><setSpec>com_2072_1057</setSpec><setSpec>col_2072_478804</setSpec><setSpec>col_2072_478917</setSpec><setSpec>col_2072_478923</setSpec></header><metadata><record xmlns="http://www.loc.gov/MARC21/slim" xmlns:dcterms="http://purl.org/dc/terms/" xmlns:xsi="http://www.w3.org/2001/XMLSchema-instance" xmlns:doc="http://www.lyncode.com/xoai" xsi:schemaLocation="http://www.loc.gov/MARC21/slim http://www.loc.gov/standards/marcxml/schema/MARC21slim.xsd">
   <leader>00925njm 22002777a 4500</leader>
   <datafield ind2=" " ind1=" " tag="042">
      <subfield code="a">dc</subfield>
   </datafield>
   <datafield ind2=" " ind1=" " tag="720">
      <subfield code="a">Mitjanas Colls, Gemma</subfield>
      <subfield code="e">author</subfield>
   </datafield>
   <datafield ind2=" " ind1=" " tag="720">
      <subfield code="a">Walsh, J.J.</subfield>
      <subfield code="e">author</subfield>
   </datafield>
   <datafield ind2=" " ind1=" " tag="720">
      <subfield code="a">Roca i Abella, Eduard</subfield>
      <subfield code="e">author</subfield>
   </datafield>
   <datafield ind2=" " ind1=" " tag="720">
      <subfield code="a">Alías López, Gemma</subfield>
      <subfield code="e">author</subfield>
   </datafield>
   <datafield ind2=" " ind1=" " tag="720">
      <subfield code="a">Queralt i Capdevila, Pilar</subfield>
      <subfield code="e">author</subfield>
   </datafield>
   <datafield ind2=" " ind1=" " tag="720">
      <subfield code="a">Ledo Fernández, Juanjo</subfield>
      <subfield code="e">author</subfield>
   </datafield>
   <datafield ind2=" " ind1=" " tag="720">
      <subfield code="a">Piña-Varas, Perla</subfield>
      <subfield code="e">author</subfield>
   </datafield>
   <datafield ind2=" " ind1=" " tag="260">
      <subfield code="c">2024-03-04T07:36:00Z</subfield>
   </datafield>
   <datafield ind2=" " ind1=" " tag="260">
      <subfield code="c">2025-10-27T06:10:10Z</subfield>
   </datafield>
   <datafield ind2=" " ind1=" " tag="260">
      <subfield code="c">2023-10-28</subfield>
   </datafield>
   <datafield ind2=" " ind1=" " tag="260">
      <subfield code="c">2024-03-04T07:36:00Z</subfield>
   </datafield>
   <datafield ind2=" " ind1=" " tag="520">
      <subfield code="a">The Vallès-Penedès Fault is a Neogene normal fault marked by the presence of two established geothermalsystems at La Garriga-Samalús and Caldes de Montbuí, within the Catalan Coastal Ranges (NE Spain). Theanalysis and collation of existing and new geological and geophysical datasets provide the basis for the developmentof an improved conceptual model that explains the presence and localization of hot geothermal fluidsystems at relatively shallow depths (e.g., 60 ◦C at surface and 90 ◦C at 1 km). Geothermal flow is concentratedwithin Paleozoic granodiorites of the immediate footwall of the V-P fault, host rocks that are susceptible to faultrelatedfracturing, and the generation of both extension and hybrid fracture systems in association with activefault displacements. Flow localization is enhanced further by the presence of fault-related structural complexities,with both systems marked by 300 m wide steps in the main fault trace. These are attributed to relaydevelopment and breaching characterizing host rocks by high fracture intensities and fault rock development ona fault that locally has a vertical displacement of over 1.5 km. Accentuated fracturing and deformation areconsistent with strain localization predicted by existing models for the development of fault zones along normalfaults. The plumbing of the geothermal systems is attributed to up-fault flow in combination with lateral flowcontrolled by the intersection of the V-P fault with a low-angled Paleogene thrust defining the base of the hostrockgranodiorites, with the geothermal systems localized at the distal end of the thrust. Sustained geothermalflow is attributed to groundwater flow circulation associated with seismic pumping and valving of warmer anddeeper fluids, and the ingress of groundwater along faults and within fractured basement rocks.</subfield>
   </datafield>
   <datafield tag="653" ind2=" " ind1=" ">
      <subfield code="a">Geofísica</subfield>
   </datafield>
   <datafield tag="653" ind2=" " ind1=" ">
      <subfield code="a">Geotèrmia</subfield>
   </datafield>
   <datafield tag="653" ind2=" " ind1=" ">
      <subfield code="a">Prospecció geofísica</subfield>
   </datafield>
   <datafield tag="653" ind2=" " ind1=" ">
      <subfield code="a">Geophysics</subfield>
   </datafield>
   <datafield tag="653" ind2=" " ind1=" ">
      <subfield code="a">Earth temperature</subfield>
   </datafield>
   <datafield tag="653" ind2=" " ind1=" ">
      <subfield code="a">Geophysical exploration</subfield>
   </datafield>
   <datafield ind2="0" ind1="0" tag="245">
      <subfield code="a">The importance of structural complexity in the localization of geothermalsystems: A case study along the Vallès-Penedès Fault in the Catalan CoastalRanges (NE Spain)</subfield>
   </datafield>
</record></metadata></record></GetRecord></OAI-PMH>